Regeneration race. (Record no. 61192)

MARC details
000 -LEADER
fixed length control field 00670cam a2200193 4500
001 - CONTROL NUMBER
control field WB3530-46
008 - FIXED-LENGTH DATA ELEMENTS--GENERAL INFORMATION
fixed length control field 000000n1999 000 0 eng u
035 ## - SYSTEM CONTROL NUMBER
System control number (Sirsi) u102100
245 ## - TITLE STATEMENT
Title Regeneration race.
260 ## - PUBLICATION, DISTRIBUTION, ETC.
Date of publication, distribution, etc. 1999
490 ## - SERIES STATEMENT
Series statement Building
Volume/sequential designation 264(8099) 30 July 1999, 11(1)
520 ## - SUMMARY, ETC.
Summary, etc. Authorities in Sheffield, Manchester and Wembley are to follow the recommendations set out in the Urban Taskforce report and establish public-private regeneration partnerships modelled on that already set up in Liverpool.
650 ## - SUBJECT ADDED ENTRY--TOPICAL TERM
Topical term or geographic name entry element SHEFFIELD
650 ## - SUBJECT ADDED ENTRY--TOPICAL TERM
Topical term or geographic name entry element MANCHESTER
650 ## - SUBJECT ADDED ENTRY--TOPICAL TERM
Topical term or geographic name entry element WEMBLEY
650 ## - SUBJECT ADDED ENTRY--TOPICAL TERM
Topical term or geographic name entry element URBAN TASK FORCE
690 ## - LOCAL SUBJECT ADDED ENTRY--TOPICAL TERM (OCLC, RLIN)
Topical term or geographic name as entry element URBAN RENEWAL
942 ## - ADDED ENTRY ELEMENTS (KOHA)
Suppress in OPAC 0
Holdings
Withdrawn status Lost status Source of classification or shelving scheme Damaged status Not for loan Home library Current library Shelving location Date acquired Total Checkouts Full call number Barcode Date last seen Copy number Price effective from Koha item type
    Dewey Decimal Classification     London London News article 15/11/1999   WB3530-46 102100-1001 06/08/2019 1 06/08/2019 News article